MARC

LEADER 00000nam0a2200000 4500
001 296548
005 20231102000922.0
020 |a RU  |b 84-45119 
035 |a (RuTPU)RU\TPU\book\321656 
090 |a 296548 
100 |a 20150601d1984 km y0rusy5003 ca 
101 0 |a rus 
102 |a RU 
105 |a y z 000zy 
200 1 |a Не соперничество, а сотрудничество. Коммунисты и новое в социальных движениях  |f под ред. Ю. А. Красина, М. И. Басманова 
210 |a Москва  |c Политиздат  |d 1984 
215 |a 270 с. 
300 |a Авт. указаны на обороте тит. л. 
606 1 |a Коммунистические и рабочие партии  |x Капиталистические страны  |2 stltpush  |3 (RuTPU)RU\TPU\subj\14921  |9 41241 
610 1 |a стратегия 
610 1 |a демократическое движение 
610 1 |a тактика 
610 1 |a социальные движения 
610 1 |a сотрудничество 
610 1 |a новые методы 
610 1 |a антивоенное движение 
610 1 |a экологические движения 
610 1 |a гражданские инициативы 
610 1 |a женское движение 
610 1 |a молодежные движения 
610 1 |a политическая жизнь 
610 1 |a социал-демократическое движение 
610 1 |a 20 век 
686 |a Ф61(0,8)  |2 rubbk 
702 1 |a Красин  |b Ю. А.  |g Юрий Андреевич  |4 340 
702 1 |a Басманов  |b М. И.  |4 340 
801 0 |a RU  |b RuMRKP  |c 19950704  |g psbo 
801 1 |a RU  |b 63413507  |c 20150601 
801 2 |a RU  |b 63413507  |c 20181106  |g RCR 
942 |c BK